All children want to learn; (Record no. 8938)
[ view plain ]
| 000 -LEADER | |
|---|---|
| fixed length control field | 00767nam a2200217I 4500 |
| 001 - CONTROL NUMBER | |
| control field | 1691967 |
| 003 - CONTROL NUMBER IDENTIFIER | |
| control field | GBCCL |
| 005 - DATE AND TIME OF LATEST TRANSACTION | |
| control field | 20241126110702.0 |
| 008 - FIXED-LENGTH DATA ELEMENTS--GENERAL INFORMATION | |
| fixed length control field | 751010s1954 nyua 00000 eng |
| 010 ## - | |
| -- | 54011289 |
| 040 ## - CATALOGING SOURCE | |
| Original cataloging agency | DLC |
| Transcribing agency | DZM |
| Modifying agency | CIN |
| 050 0# - | |
| -- | HQ782 |
| -- | .F63 |
| 082 ## - DEWEY DECIMAL CLASSIFICATION NUMBER | |
| Classification number | 649.1 |
| Item number | FOX |
| 100 10 - MAIN ENTRY--PERSONAL NAME | |
| Personal name | Fox, Lorene Kimball, |
| Dates associated with a name | 1907- |
| 9 (RLIN) | 15642 |
| 245 10 - TITLE STATEMENT | |
| Title | All children want to learn; |
| Remainder of title | a guide for parents, |
| Statement of responsibility, etc. | by Lorene K. Fox, Peggy Brogan [and] Annie Louise Butler, with a chapter on planning the child's room by Maxine Livingston. Introd. by Myra Woodruff. Illustrated by Anne-Marie Drutzu |
| 260 0# - PUBLICATION, DISTRIBUTION, ETC. | |
| Place of publication, distribution, etc. | New York, |
| Name of publisher, distributor, etc. | Grolier Society |
| Date of publication, distribution, etc. | [1954] |
| 300 ## - PHYSICAL DESCRIPTION | |
| Extent | 223 p. |
| Other physical details | illus. |
| Dimensions | 25 cm |
| 650 #0 - SUBJECT ADDED ENTRY--TOPICAL TERM | |
| Topical term or geographic name entry element | Play |
| 9 (RLIN) | 9193 |
| 650 #0 - SUBJECT ADDED ENTRY--TOPICAL TERM | |
| Topical term or geographic name entry element | Child development |
| 9 (RLIN) | 1190 |
| 942 ## - ADDED ENTRY ELEMENTS (KOHA) | |
| Source of classification or shelving scheme | Dewey Decimal Classification |
| Koha item type | Books |
| Koha issues (borrowed), all copies | 1 |
| Withdrawn status | Lost status | Source of classification or shelving scheme | Damaged status | Not for loan | Home library | Current Library | Shelving location | Date acquired | Total checkouts | Full call number | Barcode | Date last seen | Date last checked out | Copy number | Price effective from | Koha item type |
|---|---|---|---|---|---|---|---|---|---|---|---|---|---|---|---|---|
| Dewey Decimal Classification | GRACE BIBLE COLLEGE | GRACE BIBLE COLLEGE | General Studies | 2022-02-03 | 1 | 649.1 FOX | 020308 | 2025-05-01 | 2022-10-04 | c.1 | 2022-02-03 | Books |